Sarah - Alex G Lyrics - Statistics

General Stats
  • This quiz has been taken 31 times
  • The average score is 99 of 159
Answer Stats
Answer % Correct
Sarah
100%
I
96%
she
96%
She
96%
the
96%
a
91%
her
91%
you
91%
Do
87%
do
87%
in
87%
know
87%
to
87%
what
87%
When
87%
when
87%
me
83%
run
83%
be
78%
burning
78%
feel
78%
lungs
78%
my
78%
runs
78%
said
78%
can
70%
head
70%
clear
65%
meant?
65%
all
61%
dream
61%
dream?
61%
make
61%
stuck
61%
that
61%
along
57%
here
57%
am
52%
And
52%
apart
52%
been
52%
can’t
52%
Don’t
52%
Every
52%
every
52%
fall
52%
guest
52%
I’ll
52%
need
52%
promises
52%
So
52%
we
52%
day
48%
heart
48%
keep
48%
like
48%
race?
48%
she’s
48%
belongs
43%
dog
43%
loves
43%
watch
43%
break
39%
down
39%
on
39%
place
39%
Sarah’s
39%
your
39%
even
35%
face
35%
happy
35%
pace,
35%
‘Cause
30%
clowns
30%
save
30%
spit
30%
around
26%
around,
26%
mistake?
26%
never
26%
play
26%
truth
26%
We’ll
26%
You’ll
26%
But
22%
let
22%
live
22%
mess
22%
town
22%
Did
17%
found
17%
this
17%
wake
17%
game
13%
guess
13%
own
13%
sunny
13%
time
13%
hopeless
9%
second
9%
hate
4%
No matching quizzes found
Score Distribution
Percent of People with Each Score
Percentile by Number Answered
Your Score History
You have not taken this quiz